01044 2200265 4500001002100000005001500021035002000036040002200056082001700078084001700095090001900112245016000131300003400291650005400325850001200379710008200391264007800473336002100551337003000572338002300602246009100625007000300716008004100719990001800760INLIS00000000087525420221111095343 a0010-1122000210 aYOPDYOGbinderda04223a361.9598 a361.9598 RIS aL 361.9598 RIS00aRisalah bidang kesra Kabinet Ampera :btahap penjelamatan, rehabilitasi dan konsolidasi /cpenyusun, Sekretariat Menteri Utama Bidang Kesedjahteraan Rakjat a108 halaman :btabel ;c33 cm 4aMasalah Sosial--xKabinet Pemerintah--zIndonesia aYOPDYOG aSekretariat Menteri Utama Bidang Kesedjahteraan RakjateBadan Penanggungjawab31aDjakarta :bSekretariat Menteri Utama Bidang Kesedjahteraan Rakjat,c1967 2rdacontentateks 2rdamediaatanpa perantara 2rdacarrieravolume aRisalah bidang kesra Kabinet Ampera : tahap penyelamatan, rehabilitasi dan konsolidasita221111s1967 jki g t f 0 0 ind d a40115-PD/A.10